[Event "IECC Swiss-548.4"]
[Site "IECC email"]
[Date "2011.05.04"]
[Round "?"]
[White "Basson, Heinrich"]
[Black "Ratliff, Charles"]
[Result "1/2-1/2"]
[WhiteElo "1744"]
[BlackElo "1494"]
[PlyCount "39"]
[EventDate "2011.??.??"]
[EventType "swiss (corr)"]
[EventRounds "1"]
[SourceTitle "Telechess CBM 145"]
[Source "Chessbase"]
[SourceDate "2011.11.11"]
[SourceVersion "1"]
[SourceVersionDate "2011.11.11"]
[SourceQuality "1"]
[WhiteTeam "South Africa"]
[BlackTeam "US of America"]
[WhiteTeamCountry "RSA"]
[BlackTeamCountry "USA"]

1. d4 Nf6 2. c4 g6 3. Nc3 Bg7 4. e4 d6 5. Nf3 0-0 6. Be2 e5 7. dxe5 dxe5 8. Qxd8 Rxd8 9. Bg5 Na6 10. Nd5 Rd6 11. Bxf6 Bxf6 12. Nxf6+ Rxf6 13. Nxe5 Re6 14. Ng4 h5 15. Ne3 Rxe4 16. 0-0-0 Bg4 17. Bxg4 hxg4 18. a3 Nc5 19. b4 Ne6 20. Rd7 1/2-1/2

[Event "IECC CL5-2011.01 email"]
[Site "IECC email"]
[Date "2011.01.25"]
[Round "?"]
[White "Schwenger, Kurt"]
[Black "Ratliff, Charles"]
[Result "1/2-1/2"]
[WhiteElo "1513"]
[BlackElo "1493"]
[PlyCount "40"]
[EventDate "2011.??.??"]
[EventType "tourn (corr)"]
[EventRounds "4"]
[SourceTitle "Telechess CBM 145"]
[Source "Chessbase"]
[SourceDate "2011.11.11"]
[SourceVersion "1"]
[SourceVersionDate "2011.11.11"]
[SourceQuality "1"]
[WhiteTeam "Germany"]
[BlackTeam "US of America"]
[WhiteTeamCountry "GER"]
[BlackTeamCountry "USA"]

1. e4 e5 2. Nf3 Nc6 3. Bc4 Bc5 4. b4 Bxb4 5. c3 Bc5 6. d4 exd4 7. 0-0 d6 8. cxd4 Bb6 9. Nc3 Bg4 10. Bb5 Kf8 11. Be3 Nge7 12. Qa4 Bxf3 13. gxf3 h5 14. Rfd1 h4 15. Rac1 a6 16. Be2 h3 17. f4 Kg8 18. e5 Nf5 19. Ne4 Qe8 20. Ng5 Rd8 1/2-1/2

[Event "IECC Swiss-548"]
[Site "IECC email"]
[Date "2009.12.11"]
[Round "?"]
[White "Guimaraes Lima, Wacelys Wagner"]
[Black "Ratliff, Charles"]
[Result "1-0"]
[WhiteElo "1711"]
[BlackElo "1469"]
[PlyCount "69"]
[EventDate "2009.??.??"]
[EventType "match (corr)"]
[SourceTitle "Corr 2013"]
[Source "ChessBase"]
[SourceDate "2012.11.12"]
[SourceVersion "1"]
[SourceVersionDate "2012.11.12"]
[SourceQuality "1"]
[WhiteTeam "Poland"]
[BlackTeam "US of America"]
[WhiteTeamCountry "POL"]
[BlackTeamCountry "USA"]

1. d4 d5 2. c4 dxc4 3. e3 e5 4. Bxc4 exd4 5. Nf3 Bb4+ 6. Bd2 Bxd2+ 7. Qxd2 Nf6 8. 0-0 0-0 9. Nxd4 c5 10. Nb3 Qc7 11. Rd1 Nc6 12. Qd6 Qxd6 13. Rxd6 Ne5 14. Be2 b6 15. Nc3 Be6 16. Rad1 Rac8 17. Nc1 Rc6 18. f4 Rxd6 19. Rxd6 Ng6 20. Nb5 Ne4 21. Rd1 f5 22. Nxa7 Ne7 23. Bf3 Nd5 24. Bxe4 fxe4 25. Kf2 g5 26. Nc6 Kg7 27. g3 gxf4 28. gxf4 Rf6 29. Rh1 Bg8 30. Ne5 h6 31. Ne2 Nb4 32. Ng3 Rf8 33. Nxe4 Bxa2 34. Rg1+ Kh7 35. Nd7 1-0

[Event "IECC CL5-2009.16 email"]
[Site "IECC email"]
[Date "2009.07.31"]
[Round "?"]
[White "Cruz, Eudo"]
[Black "Ratliff, Charles"]
[Result "0-1"]
[WhiteElo "1487"]
[BlackElo "1444"]
[PlyCount "36"]
[EventDate "2009.??.??"]
[EventType "tourn (corr)"]
[EventRounds "4"]
[SourceTitle "Telechess CBM 137"]
[Source "ChessBase"]
[SourceDate "2010.07.15"]
[SourceVersion "1"]
[SourceVersionDate "2010.07.15"]
[SourceQuality "1"]
[WhiteTeam "Brazil"]
[BlackTeam "US of America"]
[WhiteTeamCountry "BRA"]
[BlackTeamCountry "USA"]

1. d4 d5 2. c4 dxc4 3. Nc3 e5 4. d5 c6 5. e4 b5 6. a3 Nf6 7. Bg5 Bc5 8. f3 Qb6 9. Bxf6 gxf6 10. Nge2 Bf2+ 11. Kd2 0-0 12. Qc2 Be3+ 13. Kd1 Rd8 14. Ng3 Na6 15. Be2 Nc5 16. Ke1 Nb3 17. Rd1 Bg1 18. Bf1 Qe3+ 0-1

[Event "IECC TH-M-2825"]
[Site "IECC email"]
[Date "2008.08.01"]
[Round "?"]
[White "Blanco Alvarenga, Fernando"]
[Black "Ratliff, Charles"]
[Result "1/2-1/2"]
[WhiteElo "1307"]
[BlackElo "1361"]
[PlyCount "27"]
[EventDate "2008.??.??"]
[EventType "match (corr)"]
[SourceTitle "Corr 2013"]
[Source "ChessBase"]
[SourceDate "2012.11.12"]
[SourceVersion "1"]
[SourceVersionDate "2012.11.12"]
[SourceQuality "1"]
[WhiteTeam "US of America"]
[BlackTeam "Italy"]
[WhiteTeamCountry "USA"]
[BlackTeamCountry "ITA"]

1. e4 e5 2. Nf3 Nc6 3. Bb5 f5 4. Nc3 fxe4 5. Nxe4 Nf6 6. Ng3 e4 7. Qe2 Qe7 8. Bxc6 bxc6 9. Ng5 d5 10. d3 h6 11. N5xe4 dxe4 12. dxe4 Qe5 13. 0-0 Bc5 14. Be3 1/2-1/2

[Event "IECC CL6-2007.13 email"]
[Site "IECC email"]
[Date "2007.10.27"]
[Round "?"]
[White "Marques, Joao"]
[Black "Ratliff, Charles"]
[Result "1/2-1/2"]
[WhiteElo "1271"]
[BlackElo "1342"]
[PlyCount "50"]
[EventDate "2007.??.??"]
[EventType "tourn (corr)"]
[EventRounds "4"]
[SourceTitle "Corr 2020"]
[Source "ChessBase"]
[SourceDate "2019.09.30"]
[SourceVersion "1"]
[SourceVersionDate "2019.09.30"]
[SourceQuality "1"]
[WhiteTeam "Brazil"]
[BlackTeam "United States"]
[WhiteTeamCountry "BRA"]
[BlackTeamCountry "USA"]

1. e4 e5 2. Nf3 Nc6 3. Bb5 f5 4. Nc3 fxe4 5. Nxe4 d5 6. Nxe5 dxe4 7. Nxc6 Qg5 8. Qe2 Nf6 9. Nxa7+ Bd7 10. Bxd7+ Nxd7 11. f4 Qc5 12. Nb5 Qxc2 13. Nc3 0-0-0 14. Qxe4 Qxe4+ 15. Nxe4 Re8 16. d3 Nc5 17. Ke2 Nxe4 18. dxe4 Rxe4+ 19. Kf3 Rc4 20. Bd2 Bd6 21. g3 Rf8 22. h4 Be5 23. b3 Rc2 24. Rad1 Rxa2 25. Kg4 Bf6 1/2-1/2

[Event "IECC TH-S-0298"]
[Site "IECC email"]
[Date "2007.10.02"]
[Round "?"]
[White "Ratliff, Charles"]
[Black "Burchfield, Alec"]
[Result "0-1"]
[WhiteElo "1350"]
[BlackElo "1455"]
[PlyCount "60"]
[EventDate "2007.??.??"]
[EventType "match (corr)"]
[EventRounds "2"]
[SourceTitle "Corr 2011"]
[Source "ChessBase"]
[SourceDate "2010.08.31"]
[SourceVersion "1"]
[SourceVersionDate "2010.08.31"]
[SourceQuality "1"]
[WhiteTeam "US of America"]
[BlackTeam "Ireland"]
[WhiteTeamCountry "USA"]
[BlackTeamCountry "IRL"]

1. e4 e6 2. d4 d5 3. Nc3 Bb4 4. e5 b6 5. a3 Bxc3+ 6. bxc3 Ne7 7. Nf3 Qd7 8. c4 dxc4 9. Bxc4 a6 10. 0-0 Bb7 11. Be3 0-0 12. Bd3 Nbc6 13. c4 Nf5 14. Bxf5 exf5 15. Rc1 Rfe8 16. Re1 b5 17. Qd2 Ne7 18. Kh1 Ng6 19. Qc3 Bxf3 20. gxf3 f4 21. Bd2 Qh3 22. Rg1 bxc4 23. Rxg6 hxg6 24. Bxf4 Red8 25. Bg3 Rd5 26. Qxc4 Rad8 27. Qxa6 Rxd4 28. Qf1 Qxf1+ 29. Rxf1 Rd1 30. Kg2 c5 0-1

[Event "IECC M1-2007.T15"]
[Site "IECC email"]
[Date "2007.06.06"]
[Round "?"]
[White "Ratliff, Charles"]
[Black "Reni, Norbert"]
[Result "1-0"]
[WhiteElo "1334"]
[BlackElo "1051"]
[PlyCount "41"]
[EventDate "2007.??.??"]
[EventType "match (corr)"]
[EventRounds "2"]
[SourceTitle "Corr 2011"]
[Source "ChessBase"]
[SourceDate "2010.08.31"]
[SourceVersion "1"]
[SourceVersionDate "2010.08.31"]
[SourceQuality "1"]
[WhiteTeam "US of America"]
[BlackTeam "South Africa"]
[WhiteTeamCountry "USA"]
[BlackTeamCountry "RSA"]

1. e4 Nc6 2. Nf3 e5 3. Bc4 Be7 4. d4 d6 5. Nc3 Qd7 6. 0-0 Bd8 7. dxe5 Nxe5 8. Nxe5 dxe5 9. Qh5 Qe7 10. Bg5 Nf6 11. Bxf6 Qxf6 12. Nd5 Qd6 13. Nb6 g6 14. Qf3 0-0 15. Nxa8 c6 16. Rad1 Qe7 17. Qe3 b5 18. Bb3 Ba5 19. Qh6 Bb7 20. Rd3 c5 21. Rh3 1-0

[Event "IECC O-2536"]
[Site "IECC email"]
[Date "2007.03.04"]
[Round "?"]
[White "Ratliff, Charles"]
[Black "Beatty, Vincent"]
[Result "1-0"]
[WhiteElo "1337"]
[BlackElo "1174"]
[PlyCount "69"]
[EventDate "2007.??.??"]
[EventType "swiss (corr)"]
[EventRounds "2"]
[SourceTitle "Corr 2011"]
[Source "ChessBase"]
[SourceDate "2010.08.31"]
[SourceVersion "1"]
[SourceVersionDate "2010.08.31"]
[SourceQuality "1"]
[WhiteTeam "US of America"]
[BlackTeam "South Africa"]
[WhiteTeamCountry "USA"]
[BlackTeamCountry "RSA"]

1. e4 c5 2. d4 cxd4 3. c3 dxc3 4. Nxc3 e6 5. Nf3 Bb4 6. Qd4 Bxc3+ 7. Qxc3 f6 8. Nd4 Ne7 9. Nb5 Nbc6 10. Nd6+ Kf8 11. Bf4 Qa5 12. Qxa5 Nxa5 13. Rd1 b6 14. b4 Nac6 15. a3 a6 16. Nxc8 Rxc8 17. Rxd7 b5 18. Be2 Rd8 19. Rxd8+ Nxd8 20. 0-0 Kf7 21. Rd1 e5 22. Be3 Ndc6 23. Bc5 Ke6 24. Rd6+ Kf7 25. Bd1 Rd8 26. Rxd8 Nxd8 27. Bb3+ Ne6 28. Kf1 f5 29. Ke2 Kf6 30. Bxe6 Kxe6 31. Bxe7 Kxe7 32. exf5 Kd6 33. Ke3 Kd5 34. f4 g6 35. f6 1-0

[Event "IECC TH-M-2700"]
[Site "IECC email"]
[Date "2007.01.09"]
[Round "?"]
[White "Lind, Anders"]
[Black "Ratliff, Charles"]
[Result "0-1"]
[WhiteElo "1285"]
[BlackElo "1347"]
[PlyCount "30"]
[EventDate "2007.??.??"]
[EventType "match (corr)"]
[EventRounds "2"]
[SourceTitle "Corr 2008"]
[Source "ChessBase"]
[SourceDate "2008.06.24"]
[SourceVersion "1"]
[SourceVersionDate "2008.06.24"]
[SourceQuality "1"]
[WhiteTeam "Sweden"]
[BlackTeam "US of America"]
[WhiteTeamCountry "SWE"]
[BlackTeamCountry "USA"]

1. e4 e5 2. Nf3 Nf6 3. Nxe5 d6 4. Nf3 Nxe4 5. d4 d5 6. Bd3 Nc6 7. 0-0 Bg4 8. c4 f5 9. Re1 Bb4 10. Bd2 0-0 11. Qb3 Bxf3 12. Bxb4 Qh4 13. Bxe4 fxe4 14. Bxf8 Rxf8 15. Qe3 Qg4 0-1

[Event "IECC CL7-2007.01 email"]
[Site "IECC email"]
[Date "2007.01.08"]
[Round "?"]
[White "Buckle, Rodney"]
[Black "Ratliff, Charles"]
[Result "0-1"]
[WhiteElo "1139"]
[BlackElo "1247"]
[PlyCount "58"]
[EventDate "2007.??.??"]
[EventType "tourn (corr)"]
[EventRounds "4"]
[SourceTitle "Corr 2008"]
[Source "ChessBase"]
[SourceDate "2008.06.24"]
[SourceVersion "1"]
[SourceVersionDate "2008.06.24"]
[SourceQuality "1"]
[WhiteTeam "England"]
[BlackTeam "US of America"]
[WhiteTeamCountry "ENG"]
[BlackTeamCountry "USA"]

1. e4 e5 2. Nf3 Nc6 3. Nc3 Nf6 4. Bb5 Bc5 5. 0-0 0-0 6. d4 Nxd4 7. Nxe5 Nxb5 8. Nxb5 Nxe4 9. Qd5 Qh4 10. g3 Nxg3 11. hxg3 Qxg3+ 12. Kh1 Qh3+ 13. Kg1 d6 14. Nxc7 Rb8 15. Nd3 Bb6 16. Qxd6 Qg4+ 17. Qg3 Qxg3+ 18. Kh1 Qh3+ 19. Kg1 Bxc7 20. Bf4 Bxf4 21. Nxf4 Qf3 22. Rfe1 Qxf4 23. Re3 b6 24. b3 Bb7 25. Kf1 Rbd8 26. Rd3 Ba6 27. Re1 Qh2 28. Red1 Rfe8 29. Re1 Qh1# 0-1

[Event "IECC TH-M-2698"]
[Site "IECC email"]
[Date "2007.01.03"]
[Round "?"]
[White "Hendriks, Marrien"]
[Black "Ratliff, Charles"]
[Result "0-1"]
[WhiteElo "1671"]
[BlackElo "1259"]
[PlyCount "34"]
[EventDate "2007.??.??"]
[EventType "match (corr)"]
[EventRounds "2"]
[SourceTitle "Corr 2008"]
[Source "ChessBase"]
[SourceDate "2008.06.24"]
[SourceVersion "1"]
[SourceVersionDate "2008.06.24"]
[SourceQuality "1"]
[WhiteTeam "Netherlands"]
[BlackTeam "US of America"]
[WhiteTeamCountry "NED"]
[BlackTeamCountry "USA"]

1. e4 e5 2. Nf3 Nc6 3. Bc4 Bc5 4. b4 Bxb4 5. c3 Bc5 6. 0-0 d6 7. d4 exd4 8. cxd4 Bb6 9. Nc3 Na5 10. Bg5 f6 11. Bf4 Ne7 12. Bb3 Bg4 13. Na4 Nxb3 14. Qxb3 Bxf3 15. Nxb6 axb6 16. Qxf3 0-0 17. Qb3+ Kh8 0-1

[Event "IECC TH-M-2698"]
[Site "IECC email"]
[Date "2007.01.03"]
[Round "?"]
[White "Ratliff, Charles"]
[Black "Hendriks, Marrien"]
[Result "1-0"]
[WhiteElo "1289"]
[BlackElo "1641"]
[PlyCount "37"]
[EventDate "2007.??.??"]
[EventType "match (corr)"]
[EventRounds "2"]
[SourceTitle "Corr 2008"]
[Source "ChessBase"]
[SourceDate "2008.06.24"]
[SourceVersion "1"]
[SourceVersionDate "2008.06.24"]
[SourceQuality "1"]
[WhiteTeam "US of America"]
[BlackTeam "Netherlands"]
[WhiteTeamCountry "USA"]
[BlackTeamCountry "NED"]

1. e4 e5 2. Nf3 Nc6 3. Bc4 Bc5 4. b4 Bxb4 5. c3 Ba5 6. d4 exd4 7. 0-0 Nf6 8. Ba3 d6 9. e5 Nxe5 10. Nxe5 dxe5 11. Qb3 Qd7 12. Re1 e4 13. Nd2 Bxc3 14. Nxe4 Nxe4 15. Rxe4+ Kd8 16. Rd1 Re8 17. Rh4 b5 18. Bxf7 Re5 19. Rxh7 1-0

[Event "IECC O-2496"]
[Site "IECC email"]
[Date "2006.12.29"]
[Round "?"]
[White "Ratliff, Charles"]
[Black "Beatty, Vincent"]
[Result "1-0"]
[WhiteElo "1213"]
[BlackElo "1162"]
[PlyCount "23"]
[EventDate "2006.??.??"]
[EventType "swiss (corr)"]
[EventRounds "2"]
[SourceTitle "Corr 2020"]
[Source "ChessBase"]
[SourceDate "2019.09.30"]
[SourceVersion "1"]
[SourceVersionDate "2019.09.30"]
[SourceQuality "1"]
[WhiteTeam "United States"]
[BlackTeam "United States"]
[WhiteTeamCountry "USA"]
[BlackTeamCountry "USA"]

1. e4 c5 2. d4 cxd4 3. c3 dxc3 4. Nxc3 e5 5. Nf3 Nc6 6. Bc4 Nf6 7. Ng5 d5 8. Nxd5 Nxd5 9. Bxd5 Bb4+ 10. Kf1 0-0 11. Qh5 h6 12. Nxf7 1-0

[Event "IECC TH-M-2677"]
[Site "IECC email"]
[Date "2006.11.15"]
[Round "?"]
[White "Ratliff, Charles"]
[Black "Wight, David"]
[Result "0-1"]
[WhiteElo "1200"]
[BlackElo "1694"]
[PlyCount "60"]
[EventDate "2006.??.??"]
[EventType "tourn (corr)"]
[SourceTitle "Corr 2020"]
[Source "ChessBase"]
[SourceDate "2019.09.30"]
[SourceVersion "1"]
[SourceVersionDate "2019.09.30"]
[SourceQuality "1"]
[WhiteTeam "United States"]
[BlackTeam "United States"]
[WhiteTeamCountry "USA"]
[BlackTeamCountry "USA"]

1. d4 d5 2. e4 dxe4 3. Nc3 Nf6 4. f3 exf3 5. Nxf3 g6 6. Bc4 Bg7 7. 0-0 0-0 8. Bg5 Nc6 9. Qd2 Bg4 10. Rad1 Ne8 11. Be3 Nd6 12. Be2 Bxf3 13. Rxf3 Nf5 14. d5 Ncd4 15. Bxd4 Nxd4 16. Rd3 Nxe2+ 17. Nxe2 Qd6 18. c3 Rfe8 19. h4 Qc5+ 20. Kh1 Qc4 21. h5 Qxa2 22. Ng3 a5 23. h6 Be5 24. Rf1 Ra6 25. Ne4 Rb6 26. Qf2 f5 27. Rd2 Qc4 28. Nc5 Bg3 29. Ne6 Qh4+ 30. Kg1 Qh2# 0-1

[Event "IECC O-2480"]
[Site "IECC email"]
[Date "2006.11.13"]
[Round "?"]
[White "Beatty, Vincent"]
[Black "Ratliff, Charles"]
[Result "0-1"]
[WhiteElo "1178"]
[BlackElo "1197"]
[PlyCount "72"]
[EventDate "2006.??.??"]
[EventType "swiss (corr)"]
[EventRounds "2"]
[SourceTitle "Corr 2020"]
[Source "ChessBase"]
[SourceDate "2019.09.30"]
[SourceVersion "1"]
[SourceVersionDate "2019.09.30"]
[SourceQuality "1"]
[WhiteTeam "United States"]
[BlackTeam "United States"]
[WhiteTeamCountry "USA"]
[BlackTeamCountry "USA"]

1. e4 e5 2. Nf3 Nc6 3. Bb5 a6 4. Bxc6 dxc6 5. d4 exd4 6. Qxd4 Qxd4 7. Nxd4 Bd7 8. 0-0 0-0-0 9. e5 Bc5 10. Nf3 Ne7 11. Bg5 h6 12. Bxe7 Bxe7 13. Re1 Rhe8 14. Nc3 Bb4 15. Nd2 Bf5 16. Nb3 Bxc2 17. f4 g5 18. g3 gxf4 19. gxf4 Rg8+ 20. Kf2 Bxb3 21. axb3 Rd3 22. Re2 Bxc3 23. bxc3 Rxc3 24. Re3 Rc2+ 25. Re2 Rxe2+ 26. Kxe2 Kd7 27. f5 Rg5 28. Rf1 Rg4 29. Ke3 Rb4 30. Rd1+ Ke7 31. Rd3 Rh4 32. e6 Rh3+ 33. Ke4 Rxd3 34. Kxd3 fxe6 35. fxe6 Kxe6 36. Ke4 c5 0-1